| 000 | 00868nam a22002297a 4500 | ||
|---|---|---|---|
| 999 |
_c838 _d838 |
||
| 003 | AR-CdUCM | ||
| 008 | 190225b ||||| |||| 00| 0 spa d | ||
| 040 |
_aMUNICIPALIDAD PROVINCIAL DEL CUSCO _cBIBLIOTECA MUNICIPAL DEL CUSCO |
||
| 082 |
_22ed. _a869.56 / _bB25 |
||
| 100 |
_aBarrionuevo Sánchez, Alfonsina _93176 |
||
| 245 | _aHabla Micaela / | ||
| 260 |
_aCusco : _bMinisterio de Cultura, Dirección Desconcentrada de Cultura de Cusco, _c2015. |
||
| 300 |
_a140 páginas ; _c20.3 cm. _bFotografías ; |
||
| 650 |
_aMicaela Bastidas _93177 |
||
| 650 |
_aEnsayo histórico _93178 |
||
| 650 |
_aPerú _947299 |
||
| 650 |
_aGénero _947300 |
||
| 710 |
_aMinisterio de Cultura, _tDirección Desconcentrada de Cultura del Cusco _93179 |
||
| 856 |
_uhttp://bvirtual.culturacusco.gob.pe/items/show/101 _zLeer en digital |
||
| 942 |
_2ddc _cLIBROS |
||
| 945 |
_alccs _d2019-02-25 |
||